[Event "Canadian op"]
[Site "Calgary"]
[Date "2023.07.28"]
[Round "8"]
[White "Yang, Henry"]
[Black "Chandra, Anand Rishi"]
[Result "1/2-1/2"]
[WhiteElo "1710"]
[BlackElo "2063"]
[PlyCount "90"]
[EventDate "2023.07.22"]
[EventType "swiss"]
[EventRounds "10"]
[EventCountry "CAN"]
[SourceTitle "EXT 2024"]
[Source "ChessBase"]
[SourceDate "2023.10.10"]
[SourceVersion "1"]
[SourceVersionDate "2023.10.10"]
[SourceQuality "1"]

1. d4 d5 2. c4 e6 3. Nf3 Nf6 4. g3 Be7 5. Bg2 0-0 6. 0-0 c6 7. Qc2 Re8 8. Nbd2 Na6 9. b3 Nb4 10. Qb1 a5 11. Bb2 c5 12. e4 Nc6 13. exd5 exd5 14. cxd5 Nxd5 15. dxc5 Bxc5 16. Ne4 Be7 17. Nc3 Nf6 18. Rd1 Qb6 19. Ne4 Ng4 20. h3 Nh6 21. Nd4 Nxd4 22. Bxd4 Qg6 23. Qb2 Nf5 24. Bc5 Bxc5 25. Nxc5 Rb8 26. Re1 Be6 27. Qc3 b6 28. Nxe6 Rxe6 29. Rxe6 Qxe6 30. Re1 Qd6 31. Rc1 Kf8 32. Qc7 Qxc7 33. Rxc7 Rd8 34. Rc6 Rd6 35. Rxd6 Nxd6 36. Kf1 Ke7 37. Ke2 Nb5 38. Kd3 Kd6 39. Be4 g6 40. Kc4 Nc7 41. a4 f5 42. Bg2 g5 43. Bf3 Ke5 44. Bc6 h6 45. Bg2 Kd6 1/2-1/2

[Event "Canadian op"]
[Site "Calgary"]
[Date "2023.07.24"]
[Round "4"]
[White "Yang, Henry"]
[Black "Sharma, Vishruth"]
[Result "0-1"]
[WhiteElo "1710"]
[BlackElo "1875"]
[PlyCount "118"]
[EventDate "2023.07.22"]
[EventType "swiss"]
[EventRounds "10"]
[EventCountry "CAN"]
[SourceTitle "EXT 2024"]
[Source "ChessBase"]
[SourceDate "2023.10.10"]
[SourceVersion "1"]
[SourceVersionDate "2023.10.10"]
[SourceQuality "1"]

1. d4 Nf6 2. c4 d6 3. Nc3 Nbd7 4. e4 e5 5. d5 Nc5 6. f3 a5 7. Be3 Be7 8. Bd3 Nxd3+ 9. Qxd3 0-0 10. Nge2 h6 11. 0-0 Nd7 12. b3 Bg5 13. Rfb1 g6 14. Qd2 f5 15. Bxg5 hxg5 16. a3 f4 17. h3 Nf6 18. b4 g4 19. hxg4 Bxg4 20. Qe1 Bc8 21. Qh4 Kg7 22. Qf2 g5 23. b5 b6 24. Kf1 g4 25. Ke1 g3 26. Qf1 Rh8 27. Ra2 Rh2 28. Kd2 Nh7 29. Ng1 Qh4 30. Kd3 Ng5 31. Re2 Bd7 32. a4 Rh1 33. Ree1 Rh8 34. Qe2 Qh5 35. Rf1 Qg6 36. Kc2 R8h2 37. Kb3 Qh5 38. Rbe1 Nh7 39. Qd2 Nf8 40. Re2 Ng6 41. Nb1 Nh4 42. Nc3 Kf7 43. Nb1 Ke7 44. Nc3 Kd8 45. Ka3 Nxg2 46. Rxg2 Rxg2 47. Qxg2 Qh2 48. Qe2 g2 49. Rf2 Rxg1 50. Na2 Bh3 51. c5 dxc5 52. d6 Qh1 53. dxc7+ Kxc7 54. Qc4 Rd1 55. Qf7+ Bd7 56. Qe7 g1Q 57. Qxe5+ Kb7 58. Rc2 Qxf3+ 59. Rc3 Rd3 0-1

[Event "Canadian op"]
[Site "Calgary"]
[Date "2023.07.23"]
[Round "2"]
[White "Yang, Henry"]
[Black "Giles, Patrick"]
[Result "1-0"]
[WhiteElo "1710"]
[BlackElo "1563"]
[PlyCount "73"]
[EventDate "2023.07.22"]
[EventType "swiss"]
[EventRounds "10"]
[EventCountry "CAN"]
[SourceTitle "EXT 2024"]
[Source "ChessBase"]
[SourceDate "2023.10.10"]
[SourceVersion "1"]
[SourceVersionDate "2023.10.10"]
[SourceQuality "1"]

1. d4 d5 2. c4 c6 3. Nf3 Nf6 4. e3 e6 5. b3 Nbd7 6. Bd3 Be7 7. Bb2 0-0 8. 0-0 Ne4 9. Nc3 f5 10. Nd2 Ndf6 11. f3 Nxc3 12. Bxc3 Bd6 13. e4 dxe4 14. fxe4 Bxh2+ 15. Kxh2 Ng4+ 16. Kg1 e5 17. Nf3 f4 18. Nxe5 Ne3 19. Qe2 Qg5 20. Rf3 Rf6 21. Bd2 Ng4 22. Nxg4 Bxg4 23. Qf2 Qh4 24. Rxf4 Rh6 25. Qf1 Qh2+ 26. Kf2 g5 27. Rxg4 Rf8+ 28. Bf4 Rxf4+ 29. Rxf4 gxf4 30. Ke2 Rh3 31. Kd2 f3 32. Kc3 fxg2 33. Qf2 Qh1 34. Rg1 Rh2 35. d5 h5 36. e5 h4 37. e6 1-0

[Event "CAN-ch U20 U1800"]
[Site "Toronto"]
[Date "2018.08.12"]
[Round "8.29"]
[White "Mukherjee, Pranoy"]
[Black "Yang, Henry"]
[Result "0-1"]
[WhiteElo "1425"]
[BlackElo "1419"]
[PlyCount "120"]
[EventDate "2018.08.08"]
[EventType "swiss"]
[EventRounds "9"]
[EventCountry "CAN"]
[SourceTitle "EXT 2022"]
[Source "ChessBase"]
[SourceDate "2021.10.06"]
[SourceVersion "1"]
[SourceVersionDate "2021.10.06"]
[SourceQuality "1"]

1. d4 d5 2. c4 e6 3. Nc3 Nf6 4. cxd5 exd5 5. Bg5 Be7 6. e3 0-0 7. Bd3 c6 8. Nge2 Be6 9. Qc2 h6 10. Bf4 Nbd7 11. 0-0 Rc8 12. f3 c5 13. Rac1 a6 14. Kh1 b5 15. a3 b4 16. axb4 cxb4 17. Bxa6 Ra8 18. Bb7 Ra7 19. Nxd5 Rxb7 20. Nxe7+ Qxe7 21. Qc6 Rb6 22. Qa4 Nd5 23. e4 Nxf4 24. Nxf4 Nf6 25. d5 Bd7 26. Rc7 Qe5 27. Rxd7 Nxd7 28. Qxd7 Qxf4 29. Rd1 Qd6 30. Qxd6 Rxd6 31. e5 Rd7 32. f4 Rfd8 33. d6 f6 34. Kg1 Kf7 35. Kf2 fxe5 36. fxe5 Ke6 37. Re1 Rc8 38. Kf3 Rc2 39. Ke4 Rxb2 40. Kd4 Rc2 41. Rb1 Rb7 42. Rb3 Ra2 43. Kc5 Ra3 44. Rxb4 Rxb4 45. Kxb4 Re3 46. Kc5 Rxe5+ 47. Kc6 Rd5 48. d7 Rxd7 49. g4 Rd4 50. h3 Rc4+ 51. Kb5 Kd5 52. Kb6 Rc5 53. Kb7 Rc6 54. Kb8 Kd6 55. h4 Kd7 56. g5 Rb6+ 57. Ka7 Kc7 58. gxh6 gxh6 59. h5 Rc6 60. Ka8 Ra6# 0-1

[Event "CAN-ch U20 U1800"]
[Site "Toronto"]
[Date "2018.08.12"]
[Round "9.27"]
[White "Yang, Henry"]
[Black "Balachandran, Kousihan"]
[Result "1-0"]
[WhiteElo "1419"]
[BlackElo "1479"]
[PlyCount "105"]
[EventDate "2018.08.08"]
[EventType "swiss"]
[EventRounds "9"]
[EventCountry "CAN"]
[SourceTitle "EXT 2022"]
[Source "ChessBase"]
[SourceDate "2021.10.06"]
[SourceVersion "1"]
[SourceVersionDate "2021.10.06"]
[SourceQuality "1"]

1. d4 d5 2. c4 dxc4 3. Nc3 e6 4. Nf3 Nf6 5. e3 c5 6. Bxc4 Nc6 7. 0-0 Be7 8. dxc5 0-0 9. b3 Bxc5 10. Bb2 b6 11. Qxd8 Rxd8 12. Rfd1 Bb7 13. Kf1 Na5 14. Be2 Ng4 15. h3 Bxf3 16. Bxf3 Nh2+ 17. Ke2 Nxf3 18. Kxf3 Nc6 19. Rxd8+ Rxd8 20. Rd1 Rxd1 21. Nxd1 Nb4 22. Nc3 Nd3 23. Ba1 Bb4 24. Ke2 Bxc3 25. Bxc3 Nc1+ 26. Kd1 Nxa2 27. Bd2 a5 28. Kc2 Nb4+ 29. Bxb4 axb4 30. Kd3 Kf8 31. Kc4 Ke7 32. Kb5 Kd6 33. Kxb6 Kd5 34. Kb5 g6 35. Kxb4 Kc6 36. Ka5 Kb7 37. Kb5 f5 38. f4 h6 39. h4 Kc7 40. Ka6 Kb8 41. b4 Kc7 42. b5 Kb8 43. Kb6 h5 44. g3 Kc8 45. Ka7 Kc7 46. b6+ Kd6 47. b7 Kd5 48. b8Q Ke4 49. Kb6 Kf3 50. Kc5 Kxg3 51. Qe5 Kxh4 52. Qxe6 Kg4 53. Qxg6+ 1-0

[Event "CAN-ch U20 U1800"]
[Site "Toronto"]
[Date "2018.08.10"]
[Round "4.24"]
[White "Yang, Henry"]
[Black "Gao, William"]
[Result "0-1"]
[WhiteElo "1419"]
[BlackElo "1529"]
[PlyCount "96"]
[EventDate "2018.08.08"]
[EventType "swiss"]
[EventRounds "9"]
[EventCountry "CAN"]
[SourceTitle "EXT 2022"]
[Source "ChessBase"]
[SourceDate "2021.10.06"]
[SourceVersion "1"]
[SourceVersionDate "2021.10.06"]
[SourceQuality "1"]

1. d4 Nf6 2. c4 e6 3. Nc3 Bb4 4. Qc2 0-0 5. Nf3 Re8 6. e3 b6 7. Bd3 Bb7 8. 0-0 d6 9. a3 Bxc3 10. Qxc3 Nbd7 11. b4 Ne4 12. Qc2 f5 13. Bb2 Ndf6 14. Nd2 Nxd2 15. Qxd2 Rf8 16. Qc3 Ne4 17. Bxe4 fxe4 18. d5 e5 19. g3 Qf6 20. Rad1 Bc8 21. f4 exf3 22. Rf2 Bh3 23. c5 Qh6 24. e4 Bg2 25. Bc1 Qh3 26. Rd3 Rf6 27. Rdxf3 Rxf3 28. Rxf3 Bxf3 29. Qxf3 Rf8 30. Qe2 bxc5 31. bxc5 dxc5 32. Be3 Rb8 33. Qd3 Rb2 34. Bf2 c4 35. Qd1 c3 36. Qc1 Rxf2 37. Kxf2 Qxh2+ 38. Kf3 Qb2 39. Qg5 Qxa3 40. Qe3 Qb4 41. g4 c2 42. Qc1 Qc3+ 43. Kg2 Qd3 44. Qe1 Qd1 45. Qh4 Qe2+ 46. Kh3 Qe3+ 47. Kh2 Qh6 48. Qxh6 gxh6 0-1

[Event "Canadian op U1400"]
[Site "Sault Ste Marie"]
[Date "2017.07.13"]
[Round "5"]
[White "Mainville, Yanic"]
[Black "Yang, Henry"]
[Result "0-1"]
[WhiteElo "1148"]
[BlackElo "1318"]
[PlyCount "74"]
[EventDate "2017.07.11"]
[EventType "swiss"]
[EventRounds "9"]
[EventCountry "CAN"]
[SourceTitle "EXT 2022"]
[Source "ChessBase"]
[SourceDate "2021.10.06"]
[SourceVersion "1"]
[SourceVersionDate "2021.10.06"]
[SourceQuality "1"]

1. e4 e5 2. Nf3 Nc6 3. d4 exd4 4. Nxd4 Bc5 5. Be3 Qf6 6. c3 Nge7 7. Bc4 d6 8. 0-0 Bb6 9. Kh1 0-0 10. Na3 Nxd4 11. cxd4 Nc6 12. Nc2 Bd7 13. f4 Rfe8 14. e5 Qg6 15. Be2 Bf5 16. Ne1 dxe5 17. fxe5 Rad8 18. Nf3 Bg4 19. Nh4 Bxe2 20. Qxe2 Qe6 21. Nf3 Nxd4 22. Bxd4 Bxd4 23. Ng5 Qg6 24. Nxf7 Rd7 25. Qc4 Qe6 26. Qxe6 Rxe6 27. Ng5 Rxe5 28. Nf3 Ree7 29. Nxd4 Rxd4 30. b3 Rd2 31. Kg1 Ree2 32. Rf3 Rxg2+ 33. Kf1 Rxh2 34. Ke1 Rxa2 35. Rd1 Rae2+ 36. Kf1 Rd2 37. Re1 Rh1# 0-1

[Event "Canadian op U1400"]
[Site "Sault Ste Marie"]
[Date "2017.07.12"]
[Round "4.56"]
[White "Yang, Henry"]
[Black "Dong, Yiwei"]
[Result "0-1"]
[WhiteElo "1318"]
[BlackElo "1256"]
[PlyCount "134"]
[EventDate "2017.07.11"]
[EventType "swiss"]
[EventRounds "9"]
[EventCountry "CAN"]
[SourceTitle "EXT 2022"]
[Source "ChessBase"]
[SourceDate "2021.10.06"]
[SourceVersion "1"]
[SourceVersionDate "2021.10.06"]
[SourceQuality "1"]

1. e4 e6 2. d4 d5 3. Nc3 Bb4 4. exd5 exd5 5. Nf3 Nf6 6. Bg5 0-0 7. Be2 h6 8. Bxf6 Qxf6 9. 0-0 Bxc3 10. bxc3 Nc6 11. h3 Bf5 12. Bd3 Rfe8 13. Bxf5 Qxf5 14. Qd2 Re7 15. Rfe1 Rae8 16. Kf1 Na5 17. Rxe7 Rxe7 18. Re1 Nc4 19. Qc1 Rxe1+ 20. Kxe1 Qg6 21. Kf1 Qa6 22. Qa1 Ne3+ 23. Kg1 Nxc2 24. Qb2 Na3 25. Ne5 Nc4 26. Nxc4 dxc4 27. Qe2 Qe6 28. Qb2 b6 29. Kf1 Kf8 30. Qb4+ Qd6 31. Qxc4 Qd7 32. Ke2 c6 33. Qb4+ Qe7+ 34. Qxe7+ Kxe7 35. c4 Ke6 36. Kd3 b5 37. d5+ Kd6 38. cxb5 cxb5 39. Kd4 f6 40. f3 g6 41. g3 f5 42. f4 h5 43. a3 a6 44. h4 a5 45. Kc3 Kxd5 46. Kd3 b4 47. axb4 axb4 48. Ke3 b3 49. Kd3 b2 50. Kc2 b1Q+ 51. Kxb1 Ke4 52. Kc2 Kf3 53. Kd3 Kxg3 54. Ke3 Kxh4 55. Kf3 g5 56. Ke3 g4 57. Kd4 g3 58. Ke5 g2 59. Kxf5 g1Q 60. Kf6 Qg4 61. Kf7 Qxf4+ 62. Kg7 Qf5 63. Kh8 Qg5 64. Kh7 Kg4 65. Kh8 Kf5 66. Kh7 Kf6 67. Kh8 Qg7# 0-1

[Event "Canadian op U1400"]
[Site "Sault Ste Marie"]
[Date "2017.07.12"]
[Round "3.59"]
[White "Yuan, Henry"]
[Black "Yang, Henry"]
[Result "0-1"]
[WhiteElo "961"]
[BlackElo "1318"]
[PlyCount "137"]
[EventDate "2017.07.11"]
[EventType "swiss"]
[EventRounds "9"]
[EventCountry "CAN"]
[SourceTitle "EXT 2022"]
[Source "ChessBase"]
[SourceDate "2021.10.06"]
[SourceVersion "1"]
[SourceVersionDate "2021.10.06"]
[SourceQuality "1"]

1. e4 e5 2. Nf3 Nc6 3. Bc4 Bc5 4. 0-0 Nf6 5. c3 0-0 6. d4 exd4 7. cxd4 Bb6 8. e5 Ne4 9. Bd5 Nxd4 10. Nxd4 Nxf2 11. Rxf2 Qh4 12. Be3 d6 13. Rxf7 Rxf7 14. Qf1 Qe7 15. Nf5 Bxe3+ 16. Nxe3 Be6 17. Bf3 dxe5 18. Qb5 c6 19. Qxe5 Re8 20. Nc3 Bd7 21. Qxe7 Rfxe7 22. Nc4 Re1+ 23. Rxe1 Rxe1+ 24. Kf2 Re7 25. Na5 Be6 26. b3 Kf7 27. Na4 Bd5 28. Bxd5+ cxd5 29. b4 Kf6 30. Nc3 Ke5 31. a4 Rd7 32. Nb3 b6 33. Nd2 d4 34. Nf3+ Kf6 35. Ne4+ Ke7 36. Ne5 Rc7 37. b5 Ke6 38. Nc6 Kd5 39. Kf3 Rf7+ 40. Ke2 Kxe4 41. Ke1 Kd5 42. Ke2 Rc7 43. Kd3 a5 44. Nxd4 Rc4 45. Nc6 Rxc6 46. bxc6 Kxc6 47. Kc4 b5+ 48. axb5+ Kb6 49. Kb3 Kxb5 50. g4 g5 51. h3 h6 52. Ka3 a4 53. Kb2 Kb4 54. Ka2 a3 55. Ka1 Kc4 56. Ka2 Kd4 57. Kxa3 Ke3 58. Kb4 Kf3 59. Kc5 Kg3 60. h4 gxh4 61. Kd5 h3 62. Ke5 h2 63. Ke4 h1Q+ 64. Kf5 Qd5+ 65. Kg6 Qe5 66. Kxh6 Kxg4 67. Kh7 Qf6 68. Kg8 Kf5 69. Kh7 0-1

[Event "CAN-ch U12"]
[Site "Sault Ste Marie"]
[Date "2017.07.09"]
[Round "6.60"]
[White "Issani, Nameer"]
[Black "Yang, Henry"]
[Result "1-0"]
[WhiteElo "2157"]
[BlackElo "1318"]
[PlyCount "49"]
[EventDate "2017.07.06"]
[EventType "swiss"]
[EventRounds "7"]
[EventCountry "CAN"]
[SourceTitle "EXT 2022"]
[Source "ChessBase"]
[SourceDate "2021.10.06"]
[SourceVersion "1"]
[SourceVersionDate "2021.10.06"]
[SourceQuality "1"]

1. d4 d5 2. c4 e6 3. Nc3 Nf6 4. cxd5 exd5 5. Bg5 Be7 6. e3 h6 7. Bh4 c6 8. Bd3 0-0 9. Nge2 Be6 10. 0-0 Nbd7 11. f3 Qc7 12. e4 dxe4 13. fxe4 Rfe8 14. Bg3 Qa5 15. Nf4 Rac8 16. Nxe6 fxe6 17. e5 Nd5 18. Qh5 Nf8 19. Rxf8+ Bxf8 20. Qg6 Ne3 21. Ne4 Nd5 22. Nf6+ Nxf6 23. exf6 Re7 24. f7+ Rxf7 25. Qh7# 1-0